| 000 | 00662nam a2200181Ia 4500 | ||
|---|---|---|---|
| 008 | 100920s9999 xx 000 0 und d | ||
| 082 |
_b106810 _a330 न 04 |
||
| 100 | _aBane B.A. | ||
| 245 | _aन वटलेला धनादेश /Dishonour of cheque. | ||
| 260 |
_bअमोद प्रकाशन,मुंबई. _c2004 |
||
| 300 |
_a172 _bसाधी |
||
| 365 | _b150 | ||
| 520 | _aअर्थशास्त्र. | ||
| 630 | _aन वटलेला धनादेश /Dishonour of cheque. | ||
| 650 | _aअर्थशास्त्र. | ||
| 730 | _aन वटलेला धनादेश /Dishonour of cheque. | ||
| 942 | _cBOOK | ||
| 999 |
_c747235 _d747232 |
||